European women on the left : socialism, feminism, and the problems faced by political women, 1880 to the present /

Bibliographic Details
Other Authors: Slaughter, Jane, 1941-, Kern, Robert, 1934-
Format: Book
Language:English
Published: Westport, Conn. : Greenwood Press, 1981.
Series:Contributions in women's studies ; no. 24.
Subjects:

MARC

Tag First Indicator Second Indicator Subfields
LEADER 00000cam a22000008a 4500
001 in00000071372
005 20151008062204.0
008 800819s1981 ctu b 00100 engm
010 |a  80023553  
020 |a 0313225435 
035 |a (OCoLC)06709030 
035 |9 AAJ9704AM 
040 |a DLC  |c DLC  |d m.c.  |d TXA  |d UtOrBLW 
043 |a e------ 
049 |a TXAM  |c [1195668] 
050 0 0 |a HX546  |b .E9 
082 0 |a 335/.0094  |2 19 
245 0 0 |a European women on the left :  |b socialism, feminism, and the problems faced by political women, 1880 to the present /  |c edited by Jane Slaughter and Robert Kern. 
263 |a 8108 
264 1 |a Westport, Conn. :  |b Greenwood Press,  |c 1981. 
300 |a vi, 245 pages ;  |c 22 cm. 
336 |a text  |b txt  |2 rdacontent 
337 |a unmediated  |b n  |2 rdamedia 
338 |a volume  |b nc  |2 rdacarrier 
490 1 |a Contributions in women's studies,  |x 0147-104X ;  |v no. 24 
500 |a Includes index. 
504 |a Bibliography: pages [221]-232. 
505 0 |a Anna Kuliscioff / Beverly Tanner Springer -- Clara Zetkin / Karen Honeycut -- When radical and Socialist feminism were joined / Marilyn J. Boxer -- Sylvia Pankhurst / Linda Edmondson -- Alexandra Kollontai and the Russian Revolution / Richard Stites -- Feminism / Shirley Fredricks -- Margarita Nelken / Robert Kern -- Communist women and the Fascist experience / John M. Cammett -- Humanism versus feminism in the Socialist movement / Jane Slaughter -- Ulrike Meinhof / David Kramer. 
650 0 |a Women and socialism  |z Europe  |x History. 
650 0 |a Feminism  |z Europe  |x History. 
700 1 |a Slaughter, Jane,  |d 1941- 
700 1 |a Kern, Robert,  |d 1934- 
830 0 |a Contributions in women's studies ;  |v no. 24. 
999 |a MARS 
999 f f |s c0ac4a3b-6399-3a0b-9e46-04505ec9b67e  |i fb8b395f-7edb-3cfd-b188-5badc4d91e1f  |t 0 
952 f f |p ric  |a Texas A&M University  |b Rellis Campus  |c Joint Library Facility  |d Remote Storage  |t 0  |e HX546 .E9  |h Library of Congress classification  |i unmediated -- volume  |m A14806148405 
998 f f |a HX546 .E9  |t 0  |l Remote Storage